=LDR 00000nam 2200000 4500 =001 INLIS000000000004563 =005 20130612092831 =008 ***********************************Ind** =035 ##$$0010-061300000004563 =041 ##$$a Ind =082 ##$$a F Rom D =090 ##$$a F Rom D, Def r =100 ##$$a DEFOE, Daniel =245 ##$$a Robinson Crusoe, Daniel Defoe =260 ##$$a 1996 $b Jakarta =300 ##$$a 76 hlm., ilus., 20 cm =650 ##$$a Fiksi Dewasa =850 ##$$a NBPNMAT